000 01865nam0a2200361 4500
001 RU\NLR\bibl\1130681
005 20260406145054.0
010 _a978-5-17-044291-1
_bАСТ
010 _a978-5-9713-5253-2
_bАСТ Москва
010 _a978-5-9762-3510-6
_bХранитель
_912000
021 _aRU
_b2007-53389
_92831
035 _a(nilc)RSL-KNO-003156298
035 _a(NLR Aleph) 001117599
090 _a1277618
_c1277618
100 _a20070813d2007 |||y0rusy50 ca
101 0 _arus
102 _aRU
105 _aa |||||||||
200 1 _aВремя - московское! Пылающий июнь
_e[фантастический роман]
_fАлександр Зорич
_g[худож. Е. Деко]
210 _aМосква
_cАСТ
_cХранитель
_d2007
215 _a411, [1] с.
_d17
225 1 _aЗвездный лабиринт
_eЗЛ
517 0 _aПылающий июнь
610 0 _aФилологические науки. Художественная литература -- Российская Федерация -- Русская литература -- с сер. 50-х гг. 20 в. -- Произведения художественной литературы -- Художественная проза -- Романы. Повести. Рассказы -- Фантастические и мистические романы, повести, рассказы. Романы ужасов
686 _aШ5(2=Р)75-644.5
_2rubbk
700 1 _4070
_8rus
_7ca
_aЗорич
_bА.
_cпсевдоним
_gАлександр
_3RU\NLR\auth\774466
_9114446
702 1 _4040
_8rus
_7ca
_aДеко
_bЕ.
_cхудожник
_f1968-
_gЕвгений
_3RU\NLR\auth\7768115
_951043
801 0 _aRU
_bРКП
_c20070813
801 1 _aRU
_bРГБ
_c20070813
801 2 _aRU
_bNLR
_c20070920
_grcr
942 _cBOOK
980 _aNB